| 000 | 01245nam a22002777a 4500 | ||
|---|---|---|---|
| 003 | OSt | ||
| 005 | 20250904150823.0 | ||
| 008 | 240425b ||||| |||| 00| 0 eng d | ||
| 040 | _c0 | ||
| 082 | _aDPer 621.317 Ie21 November 2022 v. 37 n. 11 | ||
| 100 |
_aWang, Jianing. _eauthor. _956691 |
||
| 245 |
_aIn-depth design and multiobjective optimization of an integrated transformer for five-phase LLC resonant converters / _cJianing Wang, Jiawen Hu, Wei Pei, Zhiqing Yang, Jiacai Zhuang, and Xing Zhang. |
||
| 260 |
_aNew York ; _bThe Institute of Electrical and Electronics Engineers, Inc. , _cNovember 2022. |
||
| 300 |
_aVolume 37, pages 13538-13553 : _billustration ; _c28 cm. |
||
| 500 | _aIEEE Transactions on Power Electronics, vol. 37, no 11, pages 13538-13553, November 2022. | ||
| 650 | 0 |
_aFive-phase LLC (5P-LLC) resonant converter. _967219 |
|
| 650 | 0 |
_aPower transformer insulation. _967220 |
|
| 650 | 0 |
_aMultiobjective optimization. _967221 |
|
| 700 |
_aWang, Jianing. _eauthor. _956691 |
||
| 700 |
_aHu, Jiawen. _eauthor. _956692 |
||
| 700 |
_aPei, Wei. _eauthor. _956693 |
||
| 700 |
_aYang, Zhiqing. _eauthor. _956694 |
||
| 700 |
_aZhuang, Jiacai. _eauthor. _956695 |
||
| 700 |
_aZhang, Xing. _eauthor. _956696 |
||
| 942 |
_2ddc _cPER |
||
| 999 |
_c20160 _d20160 |
||